00339 2200133 4500001002100000005001500021035002000036245007500056300000800131260003400139082000800173084001200181990001200193INLIS00000000000238620250528115335 a0010-0525000678 aFillosofi Kopi/Kumpulan Cerita & Prosa Ideka /cDee (Goenawan Mohamad) a134 aJakarta :bGagas Media,c2009 a813 a813 FIL a0713411